Statistics for SD Eibar Squad 2017-2018

Click here to take the quiz!

General Stats

  • This quiz has been taken 5 times
  • The average score is 13 of 28

Answer Stats

#PositionNationPlayer% Correct
8FWJapanTakashi Inui
100%
7DFSpainAnder Capa
60%
13GKSpainAsier Riesgo
60%
10FWPortugalBebé
60%
19FWBrazilCharles Dias
60%
14MFSpainDani García
60%
2FWChileFabián Orellana
60%
4DFSpainIván Ramis
60%
-CoachSpainJosé Luis Mendilibar
60%
25GKSerbiaMarko Dmitrović
60%
9FWSpainSergi Enrich
60%
1GKSpainYoel Rodríguez
60%
23DFSpainDavid Juncà
40%
16MFSpainFran Rico
40%
5MFArgentinaGonzalo Escalante
40%
20FWSpainIván Alejo
40%
15DFSpainJosé Ángel
40%
17FWSpainKike García
40%
3MFSenegalPape Diop
40%
12DFPortugalPaulo Oliveira
40%
21FWSpainPedro León
40%
3DFSpainAlejandro Gálvez
20%
18DFSpainAnaitz Arbilla
20%
6MFSpainChristian Rivera
20%
22DFSpainDavid Lombán
20%
24MFSpainJoan Jordán
20%
11FWSpainRubén Peña
20%
6DFSerbiaVukašin Jovanović
20%

Score Distribution

Percentile by Number Answered

Percent of People with Each Score

Your Score History

You have not taken this quiz